000 00328 a2200109 4500
001 ART_30905
005 20260410161706.0
008 260409a
245 1 0 _aPlan de facilidades de pago para prestadores de salud
100 1 _aIacomucci, Norma H.
773 0 _tRevista Impuestos
_g- NÂș 8 (abr. 2008)
_wREV639
999 _c15609
_d15609